Countries Conquered By The Ottoman Empire - Statistics

General Stats
  • This quiz has been taken 743 times
    641 since last reset
  • The average score is 30 of 36
Answer Stats
Answer % Correct
2 Greece
95%
3 Egypt
94%
10 Iraq
94%
8 Bulgaria
92%
22 Iran
92%
5 Serbia
92%
1 Turkey
92%
24 Saudi Arabia
90%
14 Syria
90%
6 Albania
89%
28 Israel
89%
36 Part Of Croatia
89%
35 Parts Of Russia
89%
7 Romania
89%
4 Bosnia Herzegovinia
88%
33 Hungary
88%
12 Algeria
87%
20 Armenia
87%
19 Georgia
86%
23 Libya
86%
18 Ukraine
86%
29 Lebanon
84%
31 Macedonia
82%
13 Tunisia
82%
21 Azerbaijan
81%
16 Austria
79%
9 Cyprus
79%
34 Montenegro
78%
17 Slovakia
78%
25 Sudan
78%
32 Slovenia
77%
23 Yemen
77%
15 North Italy
76%
30 Moldova
75%
26 Morocco
75%
11 Palestine
32%
No matching quizzes found
Score Distribution
Percent of People with Each Score
Percentile by Number Answered
Your Score History
You have not taken this quiz since the last reset